| 000 | 00538cam a22002291 4500 | ||
|---|---|---|---|
| 001 | sa 68019662 | ||
| 003 | DLC | ||
| 005 | 20260227112719.0 | ||
| 008 | 890824s1966 ii 000 0 tamo | ||
| 010 | _asa 68019662 | ||
| 035 | _a(OCoLC)20242128 | ||
| 040 |
_aDLC _cWaU _dDLC |
||
| 042 | _apremarc | ||
| 043 | _aa-ii--- | ||
| 050 | 0 | 0 |
_aDS481.A1 _bR23 |
| 100 | 1 | _aRadhakrishnan, V. R. | |
| 245 | 1 | 0 | _aKānti tarican̲am. |
| 260 | _c[1966] | ||
| 300 |
_avii, 71 p. _c18 cm. |
||
| 500 | _aIn Tamil. | ||
| 651 | 0 |
_aIndia _vBiography. |
|
| 999 |
_c89014 _d89014 |
||